000 00507nam a2200193Ia 4500
005 20250326143237.0
008 250326s9999 xx 000 0 und d
020 _a81-203-1248-1
037 _aTextbook
040 _aFMSL
_beng
_cFMSL
041 _aeng
_2eng
084 _aX3 N8
_qFMSL
100 _aKaul A
_9747685
245 0 _aBusiness communication
_cKaul A
260 _aNew Delhi
_bNew Delhi, Prentice Hall
_c2004
300 _a125p
942 _cTB
_hX3 N8
999 _c1298748
_d1298748